00438nam a2200181Ia 4500008004100000020001800041050001400059100001800073245003000091245003800121260001300159260001600172260000900188300001400197300002700211300001000238500000800248170918s9999 xx 000 0 und d a9781561485680 bM284 2007 aManning, Mick aCock-a-doodle-hooooooo! / cMick Manning and Brita Granstrom. aLondon : bGood Books, c2007 aunpaged : bcolored illustration ; c24cm. a400